Statistics for Countries with Mandarin as an Official Language

Click here to take the quiz!

General Stats

  • This quiz has been taken 91 times
  • The average score is 3 of 3

Answer Stats

PercentageAnswer% Correct
70%China
100%
84%Taiwan
94%
35%Singapore
88%

Score Distribution

Percentile by Number Answered

Percent of People with Each Score

Your Score History

You have not taken this quiz